|
|
|
|
| LEADER |
00000nam0a2200000 4500 |
| 001 |
247940 |
| 005 |
20231101232337.0 |
| 010 |
|
|
|a 9785942116125
|
| 035 |
|
|
|a (RuTPU)RU\TPU\book\269573
|
| 090 |
|
|
|a 247940
|
| 100 |
|
|
|a 20140116d2012 m y0rusy50 ca
|
| 101 |
0 |
|
|a rus
|
| 102 |
|
|
|a RU
|
| 105 |
|
|
|a a j 001zy
|
| 200 |
1 |
|
|a Оборудование и автоматизация процессов тепловой обработки материалов и изделий. Основное оборудование
|e учебное пособие
|f В. Б. Звягин, В. В. Цуканов, А. В. Сивенков
|g Национальный минерально-сырьевой университет "Горный"
|
| 210 |
|
|
|a Санкт-Петербург
|c Изд-во НМСУ
|d 2012
|
| 215 |
|
|
|a 83 с.
|c ил.
|
| 320 |
|
|
|a Библиогр.: с. 81.
|
| 320 |
|
|
|a Предметный указатель: с. 81-82.
|
| 320 |
|
|
|a Глоссарий: с. 74-80.
|
| 330 |
|
|
|a Учебное пособие разработано в соответствии с требованиями государственных образовательных стандартов высшего профессионального образования.Посвящено изучению технологии и основного оборудования тепловой обработки материалов и изделий. В учебном пособии приведены классификация оборудования термических цехов; подробные сведения по термическому оборудованию, необходимые при проектировании новых и реконструкции старых цехов и отделений. Рассматриваются печи и нагревательные установки, закалочные баки, установки для обработки холодом. Учебное пособие по дисциплине «Оборудование и автоматизация процессов тепловой обработки материалов и изделий» предназначено для студентов специальности 150501.65 «Материаловедение в машиностроении», специализации 150501.65.1 «Маркетинг машиностроительных материалов и технологий». Оно также рекомендуется студентам при дипломном проектировании.
|
| 606 |
1 |
|
|a Термическая обработка металлов
|2 stltpush
|3 (RuTPU)RU\TPU\subj\68426
|9 83756
|
| 610 |
1 |
|
|a термические цеха
|
| 610 |
1 |
|
|a оборудование
|
| 610 |
1 |
|
|a классификация
|
| 610 |
1 |
|
|a материалы
|
| 610 |
1 |
|
|a изделия
|
| 610 |
1 |
|
|a нагрев
|
| 610 |
1 |
|
|a нагревательные печи
|
| 610 |
1 |
|
|a охлаждение
|
| 610 |
1 |
|
|a закалочные баки
|
| 610 |
1 |
|
|a учебные пособия
|
| 675 |
|
|
|a 621.785(075.8)
|v 3
|
| 700 |
|
1 |
|a Звягин
|b В. Б.
|g Владимир Борисович
|
| 701 |
|
1 |
|a Цуканов
|b В. В.
|g Виктор Владимирович
|
| 701 |
|
1 |
|a Сивенков
|b А. В.
|g Алексей Валентинович
|
| 712 |
0 |
2 |
|a Национальный минерально-сырьевой университет "Горный"
|c Санкт-Петербург
|2 stltpush
|3 (RuTPU)RU\TPU\col\18181
|
| 801 |
|
1 |
|a RU
|b 63413507
|c 20140116
|
| 801 |
|
2 |
|a RU
|b 63413507
|c 20140127
|g RCR
|
| 942 |
|
|
|c BK
|